| 000 | 00996nam a2200277 a 4500 | ||
|---|---|---|---|
| 001 | BRL_1470 | ||
| 005 | 20190320211225.0 | ||
| 008 | 230114s1946----nyuabo####---#000-0#eng-# | ||
| 041 | _aeng | ||
| 044 | _aspa | ||
| 050 | 4 |
_aF1359 _b.C68 1946 |
|
| 100 | 1 |
_aCovarrubias, Miguel _d1904-1957 _918339 |
|
| 245 | 1 | 0 |
_aMexico south _bthe isthmus of tehuantepec _cMiguel Covarrubias ; paintings and drawings by the author ; photographs by Rose Covarrubias, the author, and others. |
| 260 |
_aNew York _bAlfred A. Knopf _c1946 |
||
| 300 |
_axxviii, 427, viii p. _bil., fotografías, mapa plegable _c21 cm. |
||
| 500 | _aAu1725 | ||
| 500 | _aIncluye índice | ||
| 500 | _aIncluye una solapa recortada biografía del autor. | ||
| 504 | _aBibliografía: p. 412-427 | ||
| 650 | 1 | 4 |
_aIndígenas de México _zIstmo de Tehuantepec _927023 |
| 651 | 4 |
_aIstmo de Tehuantepec _927024 |
|
| 651 | 4 |
_aMéxico _xAntigüedades _92765 |
|
| 700 | 1 |
_aCovarrubias, Rose _eil. _927025 |
|
| 902 | _aGRL | ||
| 942 |
_2lcc _cB |
||
| 999 |
_c10280 _d10280 |
||